Quizzes
Events
Quiz Creation
Community
Videos
Private Events
Remove Ads
Sign In
Join for FREE
Feedback
Dark Mode
Quiz Categories
Sports
Geography
Music
Movies
Television
Just For Fun
Miscellaneous
History
Literature
Language
Science
Gaming
Entertainment
Religion
Holiday
For Kids
Quiz Lab
Recent
Popular Today
Quiz Kudos Today
Editor Picks
Curator Picks
Quizzes by...
Day
Popularity
Type
Ratings
Length
Year
Community
Subscriptions
Recent Discussions
Orange Saloon
Badges
Playlists
Quests
Create
Leaderboards
Showdown
Live 5
Trivia Bingo
Activity
Puzzle Library
Sporcle Events
Private Events
Virtual Trivia
Globe League
Become a Host
Pub Owners
SporcleCon
Opinionation
Our Games
Videos
Blog
Mobile Apps
Partnerships
Remove Ads and Go Orange
Feedback
History
US Presidents
World Leaders
Politics
Nation
Discovery
War
Decade
Year
Century
Biography
Art
History
US Presidents
World Leaders
Politics
Nation
Discovery
War
Decade
Year
Century
Biography
Art
Random Quiz
Search Sporcle
×
Quiz Lab
Quiz Lab
History
US History
Type in answers that appear in a list
Type in answers that appear in a list
Classic
Best Score? Go Orange.
AP US History 2nd Trimester Final Review Stats
Can you name the AP US History 2nd Trimester Final Review?
By
cornhuskerfan
20m
91 Questions
185 Plays
185 Plays
185 Plays
Comments
Comments
Give Quiz Kudos
Give Quiz Kudos
-
- Ratings
hide this ad
Forced Order
Answers have to be entered in order
Answers have to be entered in order
Random Order
Randomize order of answers
Randomize order of answers
Replay
Link that replays current quiz
Next Quiz
Link to next quiz in quiz playlist
You Got
0%
They Got
Avg Score
23%
Avg Friend Score
Upgrade to see
Score Distribution
Jump to the score distribution portion of the page
Score
0/91
Timer
20:00
0
Plays Today
Question
Term
% Correct
Great inventor of the light bulb
Thomas Edison
60.5%
Radical anti-
black, anti-
immigrant terrorist group
Ku Klux Klan
51.9%
State Laws in the South that supported segregation
Jim Crow Laws
50.8%
Gave Blacks the right to vote
15th Amendment
49.7%
Amendment ending slavery
13th Amendment
48.6%
Steel company owner known for philanthropy
Andrew Carnegie
48.6%
Amendment for female suffrage
19th Amendment
47.6%
'Bull Moose' president, Progressive Republican
Theodore Roosevelt
46.5%
Leader of the woman suffrage movement (the main one)
Susan B. Anthony
45.4%
Owner of Standard Oil Company
J.D. Rockefeller
44.9%
Prohibition Amendment
18th Amendment
43.8%
Most powerful banker of the Gilded Age
J.P. Morgan
42.7%
Organization created by W.E.B. Dubois
NAACP
41.6%
Sarcastic name given to post-
Civil War era by Mark Twain
Gilded Age
40%
Act under Lincoln that gave Midwest land to settlers who maintained it for 5 years
Homestead Act
39.5%
Supreme Court case that ruled 'separate but equal' constitutional
Plessy v. Ferguson
38.9%
Amendment for direct election of senators
17th Amendment
37.8%
American Aviator and hero who flew across the Atlantic
Charles Lindbergh
37.3%
Leader of the Socialist Party
Eugene V. Debs
36.8%
Ran a 'yellow press'
Joseph Pulitzer and William Hearst
34.1%
Policy of goodwill towards Latin American countries
Good Neighbor Policy
33.5%
Act forbidding trusts that restrained trade, used to curb labor unions
Sherman Anti-Trust Act
33%
Scandal where naval oil reserves were sold to a private copmany
Teapot Dome
32.4%
Idea that the best fit, usually associated with Anglo-
Saxons, would prosper and become rich
Social Darwinism
32%
Sioux Indian leader who predicted victory in battle
Sitting Bull
31.9%
Black poet during the Harlem Renaissance
Langston Hughes
31.9%
Champion of the Populist movement, lost 3 presidential elections
William Jennings Bryan
31.4%
Acts put in place during WW1 limiting speech and Socialist/
German propaganda
Espionage and Sedition Acts
30.9%
Writer and photographer of 'How the Other Half Lives'
Jacob Riis
30.3%
Democratic Nominee vs. Rutherford B. Hayes
Samuel Tilden
29.2%
NY political cartoonist, the bane of Boss Tweed's existence
Thomas Nast
28.1%
Question
Term
% Correct
Trial in TN about evolution
Scopes Trial
28.1%
Father of Labor and leader of the Federation of Labor
Samuel Gompers
27.6%
Gave civil rights to blacks, banned some Confederates from office
14th Amendment
26.5%
Act that set up 12 banking districts each with a central bank
Federal Reserve Act
25.9%
Head of the Food Administration, future president
Herbert Hoover
25.4%
Part of the Cuban constitution guaranteeing the US the right to intervene
Platt Amendment
24.9%
Scandal where railroad company got extra money from government for minimal work
Credit Mobilier
24.3%
Name given to those friendly to blacks in the South
Carpetbagger
23.2%
'Buffalo Bill', famous cowboy in wildwest shows (and the namesake of the Buffalo Bills)
William Cody
22.7%
Revolutionary poorhouse founder and leader
Jane Addams or Lillian Wald
22.2%
Wisconsin Progressive Republican leader
Robert LaFollette
21.6%
Naval officer who wrote 'The Influence of Sea Power upon History'
Alfred Mahan
21.1%
Placed laws on the ballot so people had the last say
Referendum
21.1%
Built powerful chain of newspapers in San Francisco
William Randolph Hearst
20.5%
Ideology of nationalizing industry, banks, and income taxes. A favorite of Midwest farmers
Populism
19.5%
Head of the Committee of Public Information during WW1
George Creel
19.5%
European leaseholds in China
Spheres of Influence
18.4%
Faction of Republicans who embraced swapping government jobs for votes
Stalwart
17.8%
Queen of Hawaii, wanted Hawaiian self-
rule
Queen Liliuokalani
17.8%
Inventor of Basketball (just cuz I like basketball)
James Naismith
17.3%
Case giving women protection in the workplace
Muller v. Oregon
17.3%
Corrupt Secretary of the Interior under Harding
Albert Fall
17.3%
Historian who described the significance of the end of the American Frontier
Frederick Jackson Turner
16.8%
Cases ruling that the 'flag did not outrun the Constitution'
Insular Cases
16.8%
Philippine Nationalist and rebel leader
Emilio Aguinaldo
16.8%
Conservation Control of Corporations Consumer Protection
Three C's
16.2%
What was the name of the accepted plan for Reconstruction: 5 military districts, and strict rules
Reconstruction Act
16%
Phrase given to continual reference of Civil War in politics
Waving the Bloody Shirt
15.7%
Act prohibiting rebates and required railroads to publicly post rates
Interstate Commerce Act
15.7%
Cruel Spanish General sent to Cuba
General Weyler
15.7%
Term given to Poles, Czechs, Italians, and other Southern and Eastern European Immigrants
New Immigrants
15.7%
Question
Term
% Correct
Act that created the Civil Service Commission
Pendleton Act
15.1%
What Wilson called the Banks, the Trusts and the Tariff collectively
Triple Wall of Privilege
15.1%
Act that reduced immigrant quotas to 3%
Emergency Quota Act
15.1%
Wilson's idea of more active government, economic and social reform
New Freedom
14.6%
British Prime Minister during peace negotiations
David Lloyd George
14.1%
Highest protective tariff in US peacetime history
Hawley-Smoot Tariff
14.1%
Stalwart Republican leader from NY
Roscoe Conkling
13.5%
Ohio Senator and orchestrator of the Republican Party in 1896
Mark Hanna
13.5%
Act that expanded the amount of illegal business practices of trusts
Clayton Anti-Trust Act
13%
Prosecutor during Red Scare who 'saw red'
Mitchell Palmer
13%
Act that fined Railroads for giving rebates to shippers
Elkins Act
12.4%
Garfield's assassin
Charles Guiteau
11.9%
Wrote numerous fiction books for young boys, sold over 100 million copies
Horatio Alger
11.9%
Act created to enforce ICA
Interstate Commerce Commission
11.4%
Treaty with the British allowing US to build and fortify Panama Canal
Hay-Pauncefote Treaty
11.4%
Ex. CA governor who financed Central Pacific rail
Leland Stanford
10.8%
Case stating that individual states can't regulate interstate commerce
Wabash Case
10.8%
Roosevelt's ideology of US might and more Government control
New Nationalism
10.8%
Radical congressman from Pennsylvania during Civil War
Thaddeus Stevens
10.3%
Teddy Roosevelt's Secretary of State
John Hay
9.7%
Act where government was to buy $2-
4 Million of silver each month
Bland-Allison Act
9.2%
City tenement design
Dumbbell Tenements
9.2%
TR's policy of military and naval preparedness
'Speak softly and carry a big stick'
8.6%
Case that reversed the court's ruling in Muller v. Oregon
Adkins v. Children's Hospital
8.6%
Anti-
Union campaign during Red Scare
American Plan
7.6%
Wilson's appeal to the people about the League of Nations
solemn referendum
7%
Non-
corrupt Secretary of State for Harding
Charles Evans Hughes
7%
Naval Hero in the Philippines
George Dewey
5.4%
McKinley's reasoning for Imperialism
Benevolent Assimilation
4.7%
Quiz Playlist
Details
Report
Send in Message
Add To Playlist
Classic:
Type in answers that appear in a list
Forced Order:
Answers have to be entered in order
Random Order:
Randomize order of answers
Last Updated: Feb 16, 2017
Quiz Scoreboard
CHALLENGE
Sign Up to Join the Scoreboard
Show All
Scores
Hide
Comments
May contain spoilers
Recently Published
Presidents Visiting Landmarks
by Hejman
History
7m
An Introduction to Baseball
by treessimontrees
Sports
5m
Movies - When Are They Set?
by FPL_Elf
Movies
5m
More to Explore
Quiz From the Vault
Featured Blog Post
Where Did the Easter Bunny Come From?
hide this ad
You Might Also Like...
Tags
final
Review
US History
Today's Top Quizzes in History
Browse History
hide this ad
Today's Top Quizzes in US History
Browse US History
Top Contributed Quizzes in History
1
Popular People in 1991
2
Popular People in 1981
3
Popular People in 1951
4
Popular People in 1941
5
Popular People in 1986
6
Popular People in 1976
7
Popular People in 1921
8
I Am Born On March 28th
9
Popular People in 1946
10
5-to-1: 20th Century Images of War
Explore More
Trending Topics
Anime
Harry Potter
NBA
Disney
Crossword
Kpop
Marvel
The Office
Puzzle
Soccer
Country
Pokémon
NFL
Song
WWE
hide this ad
More By:
cornhuskerfan
Quiz
Plays
Rating
Category
Featured
Created
Nebraska Cornhuskers 2000s Opponents
937
5.00
Sports
Nov 10, 2011
Nebraska Cornhuskers 1990s Opponents
403
4.00
Sports
Nov 22, 2011
AP European History Trimester 1 Review
189
4.00
History
Nov 20, 2013
AP US History 2nd Trimester Final Review
185
History
Mar 7, 2013
US History Final Study Game-Term 2
118
History
Jun 13, 2012
Go to Creator's Profile
Score Distribution
Quiz Creator Spotlight
cornhuskerfan
Follow
Send a Message
Quizzes Created
-
Created Quiz Play Count
-
More By This Creator
Popular Quizzes Today
1
Find the US States - No Outlines Minefield
2
Find the Countries of Europe - No Outlines Minefield
3
The Countries of the World
4
Find the US States
5
Popular People in 1961
6
US States
7
Risky Map Clicking: Biggest States A-Z
8
Movies - When Are They Set?
More History Quizzes
Which Happened First? (WWII)
Published
Trending Quizzes
Risky Map Clicking: Least Populous States A-Z
1-10 Letter G Words
1-10 Letter F Words
Risky Map Clicking: Next State Alphabetically
Risky Map Clicking: Biggest States A-Z
Recently Updated
Leaping Animals
pecheneg
Reality TV Shows (A-Z)
bhenderson79
Rickey Henderson's Hall of Fame Teammates
pecheneg
Champions League XIs: Arsenal
pecheneg
Quick Pick: Celebrities in WWE's Hall of Fame
aduchscher
A-Z Keypad Blitz II
pecheneg
Multiple Oscar Actors
pecheneg
Mystery Phrase Blitz: Oscar 'Best Actors'
pecheneg
F. Scott Fitzgerald Novels
LTH
Pick 3 Villains
ddd62291
Trending Topics
Kpop
Anime
Marvel
Crossword
Harry Potter
Disney
NBA
Pokémon
Song
WWE
NFL
The Office
Soccer
Puzzle
Country
Your Account Isn't Verified!
In order to create a playlist on Sporcle, you need to verify the email address you used during registration. Go to your
Sporcle Settings
to finish the process.
Report this User
Report this user for behavior that violates our
Community Guidelines
.
Details:
Send Report
Go to the Sporcle.com Mobile Site →
Comments